| 000 | 00665nam a22002177a 4500 | ||
|---|---|---|---|
| 003 | BD-DhJNU | ||
| 005 | 20250603073358.0 | ||
| 008 | 250603b |||||||| |||| 00| 0 eng d | ||
| 040 |
_aBD-DhJNU _bENG _cBD-DhJNU _dBD-DhJNU |
||
| 082 |
_223 _a302.23 |
||
| 100 | _aEmery, Edwin | ||
| 245 |
_aIntroduction to mass communication / _cWarren K. Agee, Phillip H.Ault and Edwin Emery |
||
| 250 | _a3rd ed. | ||
| 260 |
_aNew York : _bDodd, Mead & Company, _c1971. |
||
| 300 |
_axii, 444 p. : _c24 cm. |
||
| 504 | _aincludes bibliographical reference and index | ||
| 650 | _aMass Media | ||
| 700 | _aAult, Phillip H. | ||
| 700 | _aAgee, Warren K. | ||
| 942 |
_2ddc _cBK _n0 |
||
| 999 |
_c1760 _d1760 |
||